000
00285nam a2200121 a 4500
001
4140
005
20140414132039.0
008
090218s19uu xx 00 eng d
050
_a
BB
_b
C14 2006
100
_a
Visaya, Lourdes
245
_a
Cami cat and the cuckoo bird.
999
_c
113802
_d
113802